[Event "SUI-chT"]
[Site "Switzerland"]
[Date "2007.06.24"]
[Round "5.5"]
[White "Carron, Julien"]
[Black "Bohnenblust, Simon"]
[Result "1-0"]
[WhiteElo "2373"]
[BlackElo "2209"]
[PlyCount "69"]
[EventDate "2007.02.25"]
[EventType "team-tourn"]
[EventRounds "9"]
[EventCountry "SUI"]
[SourceTitle "EXT 2008"]
[Source "ChessBase"]
[SourceDate "2007.11.25"]
[SourceVersion "1"]
[SourceVersionDate "2007.11.25"]
[SourceQuality "1"]
[WhiteTeam "Wollishofen"]
[BlackTeam "Biel"]
[WhiteTeamCountry "SUI"]
[BlackTeamCountry "SUI"]

1. d4 Nf6 2. c4 e6 3. g3 d5 4. Nf3 dxc4 5. Bg2 a6 6. 0-0 Ra7 7. Ne5 Nbd7 8. Nxc4 b6 9. e4 Be7 10. e5 Nd5 11. Qg4 g6 12. Bh6 Bf8 13. Bd2 Bb7 14. Nc3 Nxc3 15. Bxb7 Rxb7 16. Bxc3 c6 17. Rfe1 b5 18. d5 cxd5 19. Nd6+ Bxd6 20. exd6 Rg8 21. a4 b4 22. Bxb4 h5 23. Qd4 Kf8 24. Bd2 g5 25. Rac1 Qf6 26. Qd3 Rb8 27. Bc3 Qg6 28. Qxa6 f5 29. Qa7 Qe8 30. Re2 Ra8 31. Qd4 Ra6 32. Rce1 Kf7 33. Bb4 Rxa4 34. b3 Ra6 35. Rxe6 1-0

[Event "SUI-chT"]
[Site "Switzerland"]
[Date "2007.06.03"]
[Round "4.7"]
[White "Aumann, Welf"]
[Black "Bohnenblust, Simon"]
[Result "1-0"]
[WhiteElo "2343"]
[BlackElo "2209"]
[PlyCount "93"]
[EventDate "2007.02.25"]
[EventType "team-tourn"]
[EventRounds "9"]
[EventCountry "SUI"]
[SourceTitle "EXT 2008"]
[Source "ChessBase"]
[SourceDate "2007.11.25"]
[SourceVersion "1"]
[SourceVersionDate "2007.11.25"]
[SourceQuality "1"]
[WhiteTeam "Riehen"]
[BlackTeam "Biel"]
[WhiteTeamCountry "SUI"]
[BlackTeamCountry "SUI"]

1. c4 Nf6 2. g3 e6 3. Bg2 d5 4. Nf3 Be7 5. 0-0 0-0 6. d4 c5 7. cxd5 Nxd5 8. dxc5 Bxc5 9. a3 Be7 10. Qc2 Qc7 11. Qxc7 Nxc7 12. Nc3 f6 13. Be3 Nc6 14. b4 a6 15. Nd2 Nb5 16. Nxb5 axb5 17. Ne4 Rd8 18. Bb6 Rd7 19. Nc3 Nd4 20. Rad1 Nc2 21. Nxb5 Rxd1 22. Rxd1 Nxa3 23. Nd6 Bxd6 24. Rxd6 Nc4 25. Rd8+ Kf7 26. Bc7 Ke7 27. Be4 Ra1+ 28. Kg2 Bd7 29. Rg8 Kf7 30. Rb8 b5 31. Rb7 f5 32. Bf3 Ke7 33. Bf4 e5 34. Bc6 Rd1 35. Bxb5 exf4 36. Bxc4 fxg3 37. hxg3 Kd6 38. Bb5 Bxb5 39. Rxb5 Rd4 40. Rb7 g5 41. Rxh7 g4 42. Rh6+ Ke7 43. b5 Kf7 44. b6 Kg7 45. Rc6 Rd2 46. e4 fxe4 47. Re6 1-0

[Event "Biel MTO op"]
[Site "Biel"]
[Date "2006.07.30"]
[Round "6"]
[White "Bohnenblust, Simon"]
[Black "Cebalo, Miso"]
[Result "0-1"]
[WhiteElo "2231"]
[BlackElo "2505"]
[PlyCount "78"]
[EventDate "2006.07.24"]
[EventType "swiss"]
[EventRounds "11"]
[EventCountry "SUI"]
[SourceTitle "CBM 113 Extra"]
[Source "ChessBase"]
[SourceDate "2006.09.14"]
[SourceVersion "1"]
[SourceVersionDate "2006.09.14"]
[SourceQuality "1"]

1. e4 c5 2. Nc3 Nc6 3. Bb5 Nd4 4. Bc4 a6 5. Nf3 e6 6. Nxd4 cxd4 7. Ne2 Nf6 8. d3 b5 9. Bb3 Qb6 10. c3 dxc3 11. bxc3 Bb7 12. Be3 Qc7 13. Bf4 Bd6 14. Qd2 Rc8 15. Bxd6 Qxd6 16. f3 Qb6 17. d4 d6 18. 0-0 0-0 19. Kh1 Rc7 20. Rfc1 Rfc8 21. Rab1 Qa5 22. Qd3 e5 23. dxe5 dxe5 24. Qd6 Re8 25. Rd1 Rc6 26. Qb4 Qb6 27. a4 Rc5 28. axb5 Rxb5 29. Qc4 Re7 30. Ba2 h5 31. Rxb5 axb5 32. Qb4 Rc7 33. Ng3 Qf2 34. Bd5 h4 35. Bxb7 h3 36. Rg1 Rxb7 37. Qa3 Rd7 38. Qc1 hxg2+ 39. Rxg2 Qxf3 0-1

[Event "SUI-chT"]
[Site "Switzerland"]
[Date "2006.06.25"]
[Round "5.7"]
[White "Karl, Hans"]
[Black "Bohnenblust, Simon"]
[Result "1-0"]
[WhiteElo "2253"]
[BlackElo "2210"]
[PlyCount "131"]
[EventDate "2006.02.26"]
[EventType "team-tourn"]
[EventRounds "9"]
[EventCountry "SUI"]
[SourceTitle "EXT 2007"]
[Source "ChessBase"]
[SourceDate "2006.11.23"]
[SourceVersion "1"]
[SourceVersionDate "2006.11.23"]
[SourceQuality "1"]
[WhiteTeam "Mendrisio"]
[BlackTeam "Biel"]
[WhiteTeamCountry "SUI"]
[BlackTeamCountry "SUI"]

1. d4 Nf6 2. c4 e6 3. Nc3 Bb4 4. e3 0-0 5. Nf3 d5 6. Bd3 c5 7. 0-0 Nc6 8. a3 Bxc3 9. bxc3 dxc4 10. Bxc4 Qc7 11. Qe2 e5 12. h3 Bf5 13. Bb2 Rad8 14. Rfd1 a6 15. a4 Rfe8 16. Ba2 exd4 17. cxd4 Nb4 18. Bb3 cxd4 19. Bxd4 Nfd5 20. Qb2 Nd3 21. Qa3 N5b4 22. a5 Rc8 23. Ne1 Nxe1 24. Qxb4 Nc2 25. Bxc2 Bxc2 26. Rdc1 Re6 27. Qb2 Rc6 28. Bxg7 Qd7 29. Be5 Qd5 30. Qd4 Qb3 31. Qg4+ Kf8 32. Bg7+ Ke8 33. Qf4 Re6 34. Rab1 Qd5 35. Rb2 Rg6 36. Qe5+ Qxe5 37. Bxe5 Rgc6 38. Bd4 Kd7 39. Rxb7+ Ke6 40. Rb6 Kd5 41. Rxc6 Rxc6 42. Ra1 Bd3 43. Ra3 Be4 44. f3 Bf5 45. g4 Bg6 46. Kf2 Rc1 47. Ra4 Bd3 48. Bb6 Bc4 49. h4 Rf1+ 50. Kg3 Be2 51. Rf4 Ke6 52. g5 Bd3 53. Rf6+ Ke7 54. Bc5+ Ke8 55. e4 Be2 56. Rf5 Bd1 57. Re5+ Kd8 58. Bf2 Bb3 59. f4 Rc1 60. f5 Bd1 61. Kf4 Bb3 62. Bb6+ Kd7 63. Rc5 Rh1 64. Rc7+ Ke8 65. Ke5 Re1 66. f6 1-0

[Event "SUI-chT"]
[Site "Switzerland"]
[Date "2003.09.06"]
[Round "6.8"]
[White "Bohnenblust, Simon"]
[Black "Denoth, Mario"]
[Result "1/2-1/2"]
[WhiteElo "2214"]
[BlackElo "2150"]
[PlyCount "80"]
[EventDate "2003.03.23"]
[EventType "team-tourn"]
[EventRounds "9"]
[EventCountry "SUI"]
[SourceTitle "EXT 2004"]
[Source "ChessBase"]
[SourceDate "2003.11.25"]
[SourceVersion "1"]
[SourceVersionDate "2003.11.25"]
[SourceQuality "1"]
[WhiteTeam "Biel"]
[BlackTeam "Bern"]
[WhiteTeamCountry "SUI"]
[BlackTeamCountry "SUI"]

1. e4 g6 2. d4 Bg7 3. Nc3 c6 4. Be3 d6 5. Qd2 b5 6. a4 b4 7. Nce2 a5 8. Ng3 Nd7 9. Nf3 Qc7 10. c4 Ngf6 11. Bh6 Bxh6 12. Qxh6 e5 13. Be2 c5 14. d5 Qd8 15. h4 Ng8 16. Qg7 Qf6 17. Qxf6 Ngxf6 18. h5 Rg8 19. hxg6 hxg6 20. b3 Ke7 21. Ng5 Bb7 22. Kd2 Rh8 23. Rag1 Rag8 24. Ke3 Nf8 25. Nf1 Bc8 26. g3 Ng4+ 27. Bxg4 Bxg4 28. f4 f6 29. Nf3 Bxf3 30. Kxf3 Kf7 31. Ne3 Kg7 32. Kg2 Rxh1 33. Rxh1 Nd7 34. Kf3 Rh8 35. Rxh8 Kxh8 36. Kg4 Kg7 37. f5 g5 38. Kh5 Nb6 39. Nd1 Kh7 40. Ne3 Kg7 1/2-1/2

[Event "SUI-chT"]
[Site "Switzerland"]
[Date "2002.10.05"]
[Round "8.8"]
[White "Bohnenblust, Simon"]
[Black "Steckner, Johannes"]
[Result "0-1"]
[WhiteElo "2221"]
[BlackElo "2269"]
[PlyCount "48"]
[EventDate "2002.03.03"]
[EventType "team-tourn"]
[EventRounds "9"]
[EventCountry "SUI"]
[SourceTitle "CBM 091 Extra"]
[Source "ChessBase"]
[SourceDate "2003.01.09"]
[SourceVersion "1"]
[SourceVersionDate "2003.01.09"]
[SourceQuality "1"]

1. e4 e6 2. d4 d5 3. Nc3 Nf6 4. e5 Ne4 5. Nxe4 dxe4 6. Be3 c5 7. Bb5+ Bd7 8. Bxd7+ Nxd7 9. f4 Nb6 10. Ne2 Nc4 11. Qc1 Qb6 12. 0-0 Qxb2 13. Qxb2 Nxb2 14. dxc5 0-0-0 15. Bd4 Na4 16. c6 Rxd4 17. cxb7+ Kb8 18. Nxd4 Bc5 19. Kh1 Bxd4 20. Rad1 Rd8 21. Rfe1 Nc3 22. Rd2 Kxb7 23. Re3 Bxe3 24. Rxd8 Bc5 0-1

[Event "SUI-chT"]
[Site "Switzerland"]
[Date "2002.03.24"]
[Round "2.7"]
[White "Lematschko, Tatjana"]
[Black "Bohnenblust, Simon"]
[Result "1-0"]
[WhiteElo "2278"]
[BlackElo "2240"]
[PlyCount "99"]
[EventDate "2002.03.03"]
[EventType "team-tourn"]
[EventRounds "9"]
[EventCountry "SUI"]
[SourceTitle "EXT 2003"]
[Source "ChessBase"]
[SourceDate "2002.11.25"]
[SourceVersion "1"]
[SourceVersionDate "2002.11.25"]
[SourceQuality "1"]
[WhiteTeam "Basel"]
[BlackTeam "Biel"]
[WhiteTeamCountry "SUI"]
[BlackTeamCountry "SUI"]

1. d4 Nf6 2. Nf3 e6 3. g3 b5 4. Bg2 Bb7 5. 0-0 Be7 6. Qd3 a6 7. Nbd2 d5 8. Ne5 Nbd7 9. Nxd7 Qxd7 10. e4 dxe4 11. Nxe4 Nxe4 12. Bxe4 Bxe4 13. Qxe4 0-0 14. Bf4 Rfd8 15. Rfd1 Qd5 16. Qxd5 Rxd5 17. c3 c5 18. dxc5 Bxc5 19. Rxd5 exd5 20. Rd1 Rd8 21. Be3 Be7 22. Kf1 f5 23. Bb6 Rd7 24. Ke2 Kf7 25. Kd3 g6 26. b4 Rb7 27. Bc5 Rc7 28. Bd4 Bf6 29. Bxf6 Kxf6 30. a4 Rc4 31. axb5 axb5 32. Ra1 d4 33. cxd4 Rxb4 34. Ra6+ Ke7 35. Ke3 Rc4 36. Ra7+ Ke6 37. Rxh7 Rc3+ 38. Kd2 b4 39. Rb7 Rf3 40. Ke2 Rb3 41. Rb6+ Kd5 42. Rxg6 Kxd4 43. h4 Ke5 44. h5 Rb1 45. Rb6 b3 46. h6 b2 47. Kf3 f4 48. g4 Rh1 49. Rb5+ Kf6 50. Rxb2 1-0

[Event "Besancon Masters"]
[Site "Besancon"]
[Date "2001.04.23"]
[Round "3"]
[White "Bohnenblust, Simon"]
[Black "Renaze, Luc"]
[Result "1/2-1/2"]
[WhiteElo "2233"]
[BlackElo "2293"]
[PlyCount "33"]
[EventDate "2001.04.21"]
[EventType "tourn"]
[EventRounds "9"]
[EventCountry "FRA"]
[EventCategory "4"]
[SourceTitle "CBM 082 Extra"]
[Source "ChessBase"]
[SourceDate "2001.07.03"]
[SourceVersion "1"]
[SourceVersionDate "2001.07.03"]
[SourceQuality "1"]

1. e4 e5 2. Nf3 Nc6 3. d4 exd4 4. Nxd4 Bc5 5. Nxc6 Qf6 6. Qd2 Qxc6 7. Bd3 Nf6 8. 0-0 0-0 9. b4 Bd4 10. c3 Bb6 11. Qf4 d5 12. e5 Ne4 13. Bxe4 dxe4 14. Bb2 f5 15. Nd2 Rd8 16. Nb3 Be6 17. Nd4 1/2-1/2

[Event "Biel Junioren"]
[Site "Biel"]
[Date "2001.??.??"]
[Round "2"]
[White "Bohnenblust, Simon"]
[Black "Drabke, Lorenz Maximilian"]
[Result "1/2-1/2"]
[WhiteElo "2221"]
[BlackElo "2338"]
[PlyCount "56"]
[EventDate "2001.07.25"]
[EventType "tourn"]
[EventRounds "9"]
[EventCountry "SUI"]
[EventCategory "3"]
[SourceTitle "EXT 2006"]
[Source "ChessBase"]
[SourceDate "2005.11.24"]
[SourceVersion "1"]
[SourceVersionDate "2005.11.24"]
[SourceQuality "1"]

1. e4 c5 2. Nf3 e6 3. d4 cxd4 4. Nxd4 a6 5. Nc3 Qc7 6. f4 b5 7. Bd3 Bb7 8. Qe2 Bc5 9. Nb3 Be7 10. Be3 d6 11. Qg4 Nf6 12. Qxg7 Rg8 13. Qh6 b4 14. Ne2 Rxg2 15. 0-0-0 Nbd7 16. Rhg1 Rxg1 17. Bxg1 Bf8 18. Qh4 Rc8 19. Ng3 a5 20. Rd2 a4 21. Nd4 a3 22. bxa3 Qc3 23. Nb3 bxa3 24. Bd4 Qc7 25. Bxf6 e5 26. Ne2 Qb6 27. fxe5 dxe5 28. Bh8 Bh6 1/2-1/2

[Event "Biel Junioren"]
[Site "Biel"]
[Date "2001.??.??"]
[Round "7"]
[White "Bucher, Denis"]
[Black "Bohnenblust, Simon"]
[Result "0-1"]
[WhiteElo "2256"]
[BlackElo "2221"]
[PlyCount "78"]
[EventDate "2001.07.25"]
[EventType "tourn"]
[EventRounds "9"]
[EventCountry "SUI"]
[EventCategory "3"]
[SourceTitle "EXT 2006"]
[Source "ChessBase"]
[SourceDate "2005.11.24"]
[SourceVersion "1"]
[SourceVersionDate "2005.11.24"]
[SourceQuality "1"]

1. e4 e6 2. d4 d5 3. Nc3 Bb4 4. e5 c5 5. a3 Bxc3+ 6. bxc3 Ne7 7. Qg4 0-0 8. Bd3 Nbc6 9. Qh5 Ng6 10. Nf3 Qc7 11. Be3 c4 12. Bxg6 fxg6 13. Qg4 Bd7 14. h4 Rf5 15. Ng5 Qa5 16. Kd2 Raf8 17. Qe2 h6 18. Nh3 Rxe5 19. dxe5 d4 20. Bxd4 Nxd4 21. Qxc4 Nf5 22. Nf4 Rc8 23. Qb4 Qxe5 24. Rae1 Qf6 25. Nd3 Bc6 26. f3 Bd5 27. Ne5 a5 28. Qxa5 Nd6 29. Kc1 Qf4+ 30. Kb1 Nc4 31. Nxc4 Qxc4 32. Kc1 Rc6 33. Qb4 Qa6 34. Rd1 Rc4 35. Qe7 Rxc3 36. Kb2 Qc4 37. Rd2 Re3 38. Rd3 Re2 39. Qe8+ Kh7 0-1

[Event "Bern Ambassador op"]
[Site "Bern"]
[Date "1999.12.29"]
[Round "6"]
[White "Bohnenblust, Simon"]
[Black "Herbrechtsmeier, Christof"]
[Result "1/2-1/2"]
[WhiteElo "2239"]
[BlackElo "2297"]
[PlyCount "24"]
[EventDate "1998.12.??"]
[EventType "swiss"]
[EventRounds "7"]
[EventCountry "SUI"]
[SourceTitle "EXT 2002"]
[Source "ChessBase"]
[SourceDate "2001.11.25"]
[SourceVersion "1"]
[SourceVersionDate "2001.11.25"]
[SourceQuality "1"]

1. e4 d6 2. d4 Nf6 3. Nc3 g6 4. Be3 c6 5. Qd2 b5 6. Bd3 Nbd7 7. a4 b4 8. Ra2 Qa5 9. Nf3 Bg7 10. 0-0 0-0 11. Bh6 Rb8 12. Bxg7 Kxg7 1/2-1/2

[Event "SUI-chT"]
[Site "Switzerland"]
[Date "1999.??.??"]
[Round "9.8"]
[White "Bohnenblust, Simon"]
[Black "Riff, Sebastien"]
[Result "1-0"]
[WhiteElo "2239"]
[BlackElo "2225"]
[PlyCount "81"]
[EventDate "1999.01.??"]
[EventType "team-tourn"]
[EventRounds "9"]
[EventCountry "SUI"]
[SourceTitle "EXT 2001"]
[Source "ChessBase"]
[SourceDate "2000.11.22"]
[SourceVersion "1"]
[SourceVersionDate "2000.11.22"]
[SourceQuality "1"]

1. e4 c5 2. Nf3 d6 3. d4 cxd4 4. Nxd4 Nf6 5. Nc3 e6 6. g4 h6 7. h4 Be7 8. Rg1 d5 9. Bb5+ Kf8 10. e5 Nfd7 11. Bf4 a6 12. Bxd7 Bxd7 13. Qd2 Nc6 14. Nxc6 bxc6 15. g5 hxg5 16. Bxg5 f6 17. exf6 Bxf6 18. 0-0-0 Rb8 19. Rg3 Qe7 20. Rf3 e5 21. Rg1 Kf7 22. Rfg3 Rbg8 23. Qe2 Bc8 24. Bxf6 Qxf6 25. Rf3 Bf5 26. Qxa6 g6 27. Qb7+ Ke8 28. Na4 e4 29. Ra3 Bd7 30. Nc5 Qd6 31. Ra7 Rh7 32. Qa8+ Kf7 33. Qb7 Ke8 34. Ra8+ Kf7 35. Nxd7 Rxa8 36. Nb6+ Kf6 37. Qxa8 Qf4+ 38. Kb1 Qxf2 39. Qxc6+ Ke7 40. Nxd5+ Kd8 41. Rd1 1-0

[Event "Bern Ambassador op"]
[Site "Bern"]
[Date "1998.12.30"]
[Round "7"]
[White "Bohnenblust, Simon"]
[Black "Cruceli, Salvatore"]
[Result "1-0"]
[WhiteElo "2155"]
[BlackElo "2100"]
[PlyCount "77"]
[EventDate "1998.12.??"]
[EventType "swiss"]
[EventRounds "7"]
[EventCountry "SUI"]
[SourceTitle "EXT 2000"]
[Source "ChessBase"]
[SourceDate "1999.11.16"]
[SourceVersion "1"]
[SourceVersionDate "1999.11.16"]
[SourceQuality "1"]

1. e4 e6 2. d4 d5 3. Nc3 Bb4 4. a3 Bxc3+ 5. bxc3 dxe4 6. f3 c5 7. Rb1 e5 8. Bb5+ Bd7 9. dxe5 Bxb5 10. Qxd8+ Kxd8 11. Rxb5 b6 12. fxe4 Nc6 13. Nf3 Nge7 14. 0-0 h6 15. Rd1+ Ke8 16. Bf4 Ng6 17. Bg3 Ke7 18. h4 h5 19. Rd5 Na5 20. Nd2 Rad8 21. Rb1 Rd7 22. Rf1 Rhd8 23. c4 Nf8 24. Bf4 Ne6 25. Bg5+ Nxg5 26. hxg5 g6 27. Rf6 Ke8 28. e6 fxe6 29. Rxe6+ Kf7 30. Rf6+ Kg7 31. a4 Nb7 32. Nf3 Rd6 33. Rdxd6 Rxd6 34. e5 Rd7 35. Nh4 Rd4 36. Rxg6+ Kf8 37. Rf6+ Ke8 38. Nf5 Rxc4 39. g6 1-0

[Event "Bern Ambassador op"]
[Site "Bern"]
[Date "1998.12.27"]
[Round "2"]
[White "Velicka, Petr"]
[Black "Bohnenblust, Simon"]
[Result "1-0"]
[WhiteElo "2465"]
[BlackElo "2155"]
[PlyCount "95"]
[EventDate "1998.12.??"]
[EventType "swiss"]
[EventRounds "7"]
[EventCountry "SUI"]
[SourceTitle "EXT 2000"]
[Source "ChessBase"]
[SourceDate "1999.11.16"]
[SourceVersion "1"]
[SourceVersionDate "1999.11.16"]
[SourceQuality "1"]

1. e4 e6 2. d4 d5 3. Nc3 Nf6 4. Bg5 Bb4 5. e5 h6 6. Bd2 Bxc3 7. bxc3 Ne4 8. Qg4 g6 9. Bd3 Nxd2 10. Kxd2 c5 11. Nf3 Bd7 12. dxc5 Qe7 13. Rab1 Bc6 14. Nd4 Nd7 15. Nb5 Bxb5 16. Bxb5 0-0 17. Bxd7 Qxd7 18. Rb4 Rac8 19. Qd4 Rc7 20. Rhb1 Rfc8 21. Qe3 Qe7 22. R1b3 Kg7 23. g3 Rd8 24. Qd4 Rdd7 25. Rb5 Qg5+ 26. f4 Qh5 27. Qf2 Qf5 28. R3b4 a6 29. Rb6 h5 30. Rd6 Re7 31. Rd8 Rc6 32. Rb6 Rec7 33. Rxc6 Rxc6 34. Rd7 Qe4 35. Rxb7 Qc4 36. Qd4 Qxc5 37. Qxc5 Rxc5 38. a4 Kf8 39. Kd3 Ke8 40. Rb6 Ra5 41. Rb4 Kd7 42. c4 Kc6 43. cxd5+ exd5 44. c4 Kc5 45. Kc3 d4+ 46. Kb3 d3 47. Rb8 Kd4 48. Rd8+ 1-0

[Event "Hallsberg op 9798 U18"]
[Site "Hallsberg"]
[Date "1998.??.??"]
[Round "?"]
[White "Bohnenblust, Simon"]
[Black "Bekker Jensen, Simon"]
[Result "0-1"]
[WhiteElo "2140"]
[BlackElo "2300"]
[PlyCount "78"]
[EventDate "1997.??.??"]
[EventType "swiss"]
[EventRounds "9"]
[EventCountry "SWE"]
[SourceTitle "EXT 2003"]
[Source "ChessBase"]
[SourceDate "2002.11.25"]
[SourceVersion "1"]
[SourceVersionDate "2002.11.25"]
[SourceQuality "1"]

1. e4 c5 2. f4 g6 3. Nf3 Bg7 4. Nc3 Nc6 5. g3 e6 6. Bg2 d6 7. 0-0 Nge7 8. d3 0-0 9. Be3 b6 10. Bf2 Ba6 11. Re1 Rc8 12. g4 b5 13. Qd2 Nd4 14. Nxd4 cxd4 15. Ne2 Nc6 16. a3 Bb7 17. c3 dxc3 18. bxc3 Qd7 19. Rab1 a6 20. g5 Ne7 21. Bh3 Qc6 22. Rbc1 d5 23. Nd4 Qd6 24. a4 dxe4 25. dxe4 bxa4 26. Ra1 Qc7 27. Ra3 Rfd8 28. Qe3 Nc6 29. Ne2 Na5 30. Qb6 Qxb6 31. Bxb6 Nc4 32. Bxd8 Nxa3 33. Be7 Nc2 34. Rc1 Bxe4 35. Ng3 Bd3 36. Bf1 Bxf1 37. Kxf1 Rxc3 38. Rb1 Rc8 39. Ne4 a3 0-1

[Event "Biel MTO op"]
[Site "Biel"]
[Date "1998.??.??"]
[Round "2"]
[White "Bohnenblust, Simon"]
[Black "Mikhalevski, Alexander"]
[Result "0-1"]
[WhiteElo "2140"]
[BlackElo "2485"]
[PlyCount "102"]
[EventDate "1998.07.21"]
[EventType "swiss"]
[EventRounds "11"]
[EventCountry "SUI"]
[SourceTitle "EXT 1999"]
[Source "ChessBase"]
[SourceDate "1998.11.16"]
[SourceVersion "1"]
[SourceVersionDate "1998.11.16"]
[SourceQuality "1"]

1. e4 e5 2. Nf3 Nc6 3. Nc3 Nf6 4. d4 exd4 5. Nd5 Be7 6. Bf4 d6 7. Nxd4 0-0 8. Nb5 Nxd5 9. exd5 Ne5 10. Be2 Bf6 11. c3 Ng6 12. Bg3 Be5 13. Qd2 Bd7 14. f4 Bf6 15. 0-0 Ne7 16. c4 c6 17. dxc6 Bxc6 18. Bf2 d5 19. c5 Bxb5 20. Bxb5 Qc7 21. Bd3 a5 22. Rac1 Rfd8 23. Rfe1 h6 24. Bb1 d4 25. Be4 Nd5 26. g3 Ne3 27. Bf3 Nd5 28. Re4 Nb4 29. a3 Nc6 30. b3 Qd7 31. Qd3 g6 32. Qc4 h5 33. Rd1 Qf5 34. Ree1 h4 35. Bxc6 bxc6 36. Bxd4 Qg4 37. Qc3 hxg3 38. hxg3 Bxd4+ 39. Rxd4 Rxd4 40. Qxd4 Qxg3+ 41. Kf1 Qf3+ 42. Kg1 Qg3+ 43. Kf1 Qxb3 44. Re3 Qb1+ 45. Re1 Qf5 46. Qd6 Qh3+ 47. Kg1 Qxa3 48. Qxc6 Qg3+ 49. Kf1 Qxf4+ 50. Kg2 Qg5+ 51. Kf2 Qd8 0-1